00593nam a2200169Ia 4500952011000000999001700110008004100127020001500168050002200183100003900205245008600244260002800330300001800358519000900376650003100385942000700416 00104070a11b11d2007-04-16l13oHF5549 G65 2001p11 006518r2015-08-18s2015-08-18t1w2012-06-26yLB c71591d71591120626s2001 mx 000 0 spa d a970646204X aHF5549 bG65 2001 aGonzález Cornejo, Aureliodautor aCómo diagnosticar necesidades de capacitación c/ Aurelio, González Cornejo aMéxicob: Pacc, 2001 a135 páginas a d  0aCAPACITACIÓN DE PERSONAL cLB